UTAS ÚtvonalTervezés Automatikus Segédlettel (Elektronikus menetrend autóbuszokhoz)

Elmentve itt :
Bibliográfiai részletek
Szerző: Lehotai Gábor
További közreműködők: Alexin Zoltán (Témavezető)
Szabó Balázs (Témavezető)
Dokumentumtípus: Szakdolgozat
Megjelent: 2001
Tárgyszavak:
Online Access:http://diploma.bibl.u-szeged.hu/2108
LEADER 00923nta a2200205 i 4500
001 dipl2108
005 20130314071014.0
008 101221s2001 hu om 0|| hun d
040 |a SZTE Diploma Repozitórium  |b hun 
041 |a hun 
100 1 |a Lehotai Gábor 
245 1 0 |a UTAS ÚtvonalTervezés Automatikus Segédlettel (Elektronikus menetrend autóbuszokhoz)  |h [elektronikus dokumentum] /  |c Gábor Lehotai 
260 |c 2001 
650 4 |a Informatika 
650 4 |a Computer and information sciences 
700 0 1 |a Alexin Zoltán  |e ths 
700 0 1 |a Szabó Balázs  |e ths 
856 4 0 |u https://diploma.bibl.u-szeged.hu/id/eprint/2108/1/2001_lehotai_gabor_01_105.pdf  |z Dokumentum-elérés  
856 4 0 |u https://diploma.bibl.u-szeged.hu/id/eprint/2108/2/2001_lehotai_gabor_01_105_biralat.pdf  |z Dokumentum-elérés  
856 4 0 |u https://diploma.bibl.u-szeged.hu/id/eprint/2108/3/2001_lehotai_gabor_01_105_melleklet.tar.gz  |z Dokumentum-elérés